Tư duy biện luận ứng dụng Applied Critical thinking

Gồm 5 chương. Ch.1: Tổng quan về tư duy biện luận và các kỹ năng thiết yếu sinh viên cần được trang bị trong thời đại toàn cầu hóa; Ch.2: Tư duy biện luận: Định nghĩa, các thành tố và thuộc tính - thuyết đa thông minh; Ch.3: Một số phương ph...

Cijeli opis

Spremljeno u:
Bibliografski detalji
Glavni autor: Dương, Thị Hoàng Oanh
Daljnji autori: Nguyễn, Xuân Đạt
Format: Knjiga
Jezik:Undetermined
Izdano: Tp. Hồ Chí Minh Đại học Quốc Tp. Hồ Chí Minh 2015
Teme:
Online pristup:http://lrc.tdmu.edu.vn/opac/search/detail.asp?aID=2&ID=25113
Oznake: Dodaj oznaku
Bez oznaka, Budi prvi tko označuje ovaj zapis!
Thư viện lưu trữ: Trung tâm Học liệu Trường Đại học Thủ Dầu Một
LEADER 01846nam a2200229Ia 4500
001 TDMU_25113
008 210410s9999 xx 000 0 und d
082 |a 158.1 
090 |b D561 
100 |a Dương, Thị Hoàng Oanh 
245 0 |a Tư duy biện luận ứng dụng 
245 0 |b Applied Critical thinking 
245 0 |c Dương Thị Hoàng Oanh, Nguyễn Xuân Đạt 
260 |a Tp. Hồ Chí Minh 
260 |b Đại học Quốc Tp. Hồ Chí Minh 
260 |c 2015 
300 |a 264tr. 
520 |a Gồm 5 chương. Ch.1: Tổng quan về tư duy biện luận và các kỹ năng thiết yếu sinh viên cần được trang bị trong thời đại toàn cầu hóa; Ch.2: Tư duy biện luận: Định nghĩa, các thành tố và thuộc tính - thuyết đa thông minh; Ch.3: Một số phương pháp rèn luyện nhằm phát triển kỹ năng tư duy biện luận; Ch.4: Tư duy biện luận ứng dụng vào học tập, nghiên cứu, công tác thành công - kỹ năng tiếp nhận đầu vào: nghe và đọc học thuật; Ch.5: Tư duy biện luận ứng dụng vào học tập, nghiên cứu, công tác thành công - kỹ năng sản sinh đầu ra: nói và viết học thuật - hướng đến khả năng tự học và học độc lập suốt đời; DC077; NV Tư duy biện luận ứng dụng 
650 |a Biện luận  |x Tư duy  |x Ứng dụng; Tư duy  |x Ứng dụng  |x Sinh viên; Tâm lý học ứng dụng 
700 |a Nguyễn, Xuân Đạt 
856 |u http://lrc.tdmu.edu.vn/opac/search/detail.asp?aID=2&ID=25113 
980 |a Trung tâm Học liệu Trường Đại học Thủ Dầu Một